Incidencia de la matricula del género femenino en la Universidad Nacional Evangélica, Recinto Santo Domingo, período 2009-2013. (Record no. 126)

MARC details
000 -LEADER
campo de control de longitud fija 03258nam a2200565Ia 4500
001 - NÚMERO DE CONTROL
campo de control 146
008 - DATOS DE LONGITUD FIJA--INFORMACIÓN GENERAL
campo de control de longitud fija 241029s9999 xx 000 0 und d
010 ## - NÚMERO DE CONTROL DE LA BIBLIOTECA DEL CONGRESO
Número de control de LC 126
041 ## - CÓDIGO DE IDIOMA
Código de lengua del texto/banda sonora o título independiente Español
082 ## - NÚMERO DE LA CLASIFICACIÓN DECIMAL DEWEY
Número de clasificación NO APLICA
245 #0 - MENCIÓN DEL TÍTULO
Título Incidencia de la matricula del género femenino en la Universidad Nacional Evangélica, Recinto Santo Domingo, período 2009-2013.
260 ## - PUBLICACIÓN, DISTRIBUCIÓN, ETC.
Lugar de publicación, distribución, etc. Santo Domingo
300 ## - DESCRIPCIÓN FÍSICA
Extensión 105
520 ## - RESUMEN, ETC.
Sumario, etc. 9
520 ## - RESUMEN, ETC.
Sumario, etc. Este proyecto de tesis tiene como objetivo principal la presentación de como el género femenino como parte de la población estudiantil, ha ido en aumento en la en la diferente universidades de la República Dominicana en los últimos años, lo cual ha sido motivos de preocupación, la preferencia de este género, caso especifico la Universidad Nacional Evangélica en los años 2009-2013, ha mostrado una tendencia al incremento que demuestra un porcentaje más o menos el 80%de dicha población, en su diferente áreas o carreras por la cual se considera importante hacer una investigación sobre el mismo tema.Esta tesis se ha desarrollado de acuerdo a las pautas de la investigación exploratoria y algunas características descriptivas. La principal fuente de información son las encuestas, entrevista sociólogo experto, datos suministrados por el departamento de administración y registro y conocimiento conocimientos adquiridos por observacionesLos resultados obtenidos son sometidos a un proceso de análisis e interpretación y de ser confiables las suposiciones anteriores, está constituirán explicaciones valida, existiendo la posibilidad de ser generalizado a hechos similares. Esta investigación se define como un estudio tipo exploratorio, con ciertas características descriptivas ya que el tema ha sido poco estudiado.      Finalmente la presente tesis le reportara a la Universidad Nacional Evangélica (UNEV).un sistema de información a partir de la cual podrán tomar decisiones tales como: generaciones de investigaciones sobre como incrementar la matricula del género masculino, implementaciones de  secciones semipresenciales, etc. 
630 ## - PUNTO DE ACCESO ADICIONAL DE MATERIA--TÍTULO UNIFORME
Título uniforme Educación Superior
630 ## - PUNTO DE ACCESO ADICIONAL DE MATERIA--TÍTULO UNIFORME
Título uniforme Estudiantes
630 ## - PUNTO DE ACCESO ADICIONAL DE MATERIA--TÍTULO UNIFORME
Título uniforme Supervisión
650 ## - PUNTO DE ACCESO ADICIONAL DE MATERIA--TÉRMINO DE MATERIA
Término de materia o nombre geográfico como elemento de entrada Planificación Educativa
690 ## - PUNTO DE ACCESO ADICIONAL DE MATERIA LOCAL--TÉRMINO DE MATERIA (OCLC, RLIN)
Término de materia o nombre geográfico como elemento inicial Copiado sin cambios
700 ## - ENTRADA AGREGADA--NOMBRE PERSONAL
Término indicativo de función/relación asesor
Nombre de persona Terrero , David
700 ## - ENTRADA AGREGADA--NOMBRE PERSONAL
Término indicativo de función/relación autor
Nombre de persona Ogando Carvajal , Mirquella
700 ## - ENTRADA AGREGADA--NOMBRE PERSONAL
Término indicativo de función/relación autor
Nombre de persona Rivera Severino, Marilyn
700 ## - ENTRADA AGREGADA--NOMBRE PERSONAL
Término indicativo de función/relación asesor
Nombre de persona Reyes , Rafael
901 ## - ELEMENTOS DE DATOS A LOCAL LDA (RLIN)
a {"1":"Ogando Carvajal ","2":"Rivera Severino"}
b {"1":"Mirquella ","2":"Marilyn "}
902 ## - ELEMENTOS DE DATOS B LOCAL, LDB (RLIN)
a 2
903 ## - ELEMENTOS DE DATOS C LOCAL, LDC (RLIN)
a {"1":" Reyes ","2":"Terrero "}
b {"1":" Rafael","2":"David"}
904 ## - ELEMENTOS DE DATOS D LOCAL, LDD (RLIN)
a Magíster en
905 ## - ELEMENTOS DE DATOS E LOCAL, LDE (RLIN)
a Educación Superior
906 ## - ELEMENTOS DE DATOS F LOCAL, LDF (RLIN)
a 1
907 ## - ELEMENTOS DE DATOS G LOCAL, LDG (RLIN)
a Mención en
908 ## - COLOCAR PARÁMETRO DE COMANDO (RLIN)
Colocar parámetro de comando Planificación Educativa
909 ## -
-- Universidad Nacional Evangélica (UNEV), Recinto Santo Domingo
910 ## - DATOS DE OPCIÓN DEL USUARIO (OCLC)
Datos de opción del usuario NULL
-- NULL
911 ## - EQUIVALENCIA O REFERENCIA-CRUZADA-NOMBRE DE CONFERENCIA O REUNIÓN/CONGRESO [LOCAL, CANADÁ]
Nombre de congreso/reunión o jurisdicción como elemento de entrada ["1"]
912 ## -
-- NO APLICA
913 ## -
-- NULL
914 ## -
-- 03 de Junio de 2013
915 ## -
-- 06/06/14 07:06
916 ## -
-- NULL
917 ## -
-- NULL
918 ## -
-- NO APLICA
919 ## -
-- ["83","96","187"]
921 ## -
-- 16
922 ## -
-- 16
923 ## -
-- 0
924 ## -
-- NO APLICA
942 ## - ELEMENTOS DE ENTRADA SECUNDARIOS (KOHA)
Tipo de ítem Koha

No items available.

© 2024. Todos los Derechos Reservados. Desarrollado por IDEICE